Maps, globes, graphs : level A. (Record no. 115079)
[ view plain ]
| 000 -LEADER | |
|---|---|
| fixed length control field | 00486nam a2200181 a 4500 |
| 005 - DATE AND TIME OF LATEST TRANSACTION | |
| control field | 20140414132121.0 |
| 008 - FIXED-LENGTH DATA ELEMENTS--GENERAL INFORMATION | |
| fixed length control field | 120906s19uu xx 00 eng d |
| 020 ## - INTERNATIONAL STANDARD BOOK NUMBER | |
| International Standard Book Number | 073989101-4 |
| 050 ## - LIBRARY OF CONGRESS CALL NUMBER | |
| Classification number | TR 372.89 |
| Item number | B596 2004 |
| 100 ## - MAIN ENTRY--PERSONAL NAME | |
| Personal name | Billings, Henry |
| 245 ## - TITLE STATEMENT | |
| Title | Maps, globes, graphs : level A. |
| 260 ## - PUBLICATION, DISTRIBUTION, ETC. (IMPRINT) | |
| Place of publication, distribution, etc | Austin, Texas : |
| Name of publisher, distributor, etc | Harcourt Achieve,Inc, |
| Date of publication, distribution, etc | 2004. |
| 300 ## - PHYSICAL DESCRIPTION | |
| Extent | 64 |
| 650 ## - SUBJECT ADDED ENTRY--TOPICAL TERM | |
| Topical term or geographic name as entry element | Geography-directions-maps. |
| 650 ## - SUBJECT ADDED ENTRY--TOPICAL TERM | |
| Topical term or geographic name as entry element | Geography-globes. |
| Withdrawn status | Lost status | Damaged status | Home library | Current library | Shelving location | Date acquired | Source of acquisition | Total Checkouts | Full call number | Barcode | Date last seen | Price effective from | Koha item type |
|---|---|---|---|---|---|---|---|---|---|---|---|---|---|
| Munich Library | Munich Library | Teachers Reference Section | 09/06/2012 | TR 372.89 B596 2004 | M7063 | 04/14/2014 | 04/14/2014 | Books | |||||
| Munich Library | Munich Library | Teachers Reference Section | 09/06/2012 | TR 372.89 B596 2004 | M7064 | 04/14/2014 | 04/14/2014 | Books |